SPSS for Windows : SPSS base system for Windows
Guardado en:
| Formato: | Libro |
|---|---|
| Lenguaje: | Undetermined |
| Publicado: |
Chicago, IL
SPSS
1994
|
| Materias: | |
| Etiquetas: |
Agregar Etiqueta
Sin Etiquetas, Sea el primero en etiquetar este registro!
|
| Thư viện lưu trữ: | Trung tâm Học liệu Trường Đại học Cần Thơ |
|---|
| LEADER | 00496nam a2200181Ia 4500 | ||
|---|---|---|---|
| 001 | CTU_160578 | ||
| 008 | 210402s9999 xx 000 0 und d | ||
| 082 | |a 005.369 | ||
| 082 | |b S771 | ||
| 245 | 0 | |a SPSS for Windows : | |
| 245 | 0 | |b SPSS base system for Windows | |
| 260 | |a Chicago, IL | ||
| 260 | |b SPSS | ||
| 260 | |c 1994 | ||
| 650 | |a Social sciences,SPSS for Windows | ||
| 650 | |x Statistical methods,Software | ||
| 904 | |i Giang | ||
| 980 | |a Trung tâm Học liệu Trường Đại học Cần Thơ | ||